[Event "SRB-chT Cup"]
[Site "Kragujevac"]
[Date "2016.04.20"]
[Round "1.2"]
[White "Ostojic, Nikola"]
[Black "Kostic, Ninoslav"]
[Result "1/2-1/2"]
[WhiteElo "2434"]
[BlackElo "2139"]
[PlyCount "54"]
[EventDate "2016.04.20"]
[EventType "team-swiss"]
[EventRounds "7"]
[EventCountry "SRB"]
[SourceTitle "EXT 2017"]
[Source "ChessBase"]
[SourceDate "2016.10.25"]
[SourceVersion "1"]
[SourceVersionDate "2016.10.25"]
[SourceQuality "1"]
[WhiteTeam "Vladimirci"]
[BlackTeam "Cumic Prota"]
[WhiteTeamCountry "SRB"]
[BlackTeamCountry "SRB"]

1. d4 Nf6 2. c4 e6 3. Nf3 Nc6 4. Nc3 Bb4 5. Qc2 d5 6. e3 0-0 7. a3 Bxc3+ 8. Qxc3 Ne4 9. Qc2 e5 10. cxd5 Qxd5 11. Bc4 Qa5+ 12. Bd2 Nxd2 13. Qxd2 Qxd2+ 14. Kxd2 exd4 15. Nxd4 Ne5 16. Be2 c5 17. Nc2 Be6 18. Kc3 Rac8 19. Rhd1 Rfd8 20. h3 Kf8 21. f4 Nc6 22. e4 f6 23. Rxd8+ Rxd8 24. h4 h6 25. Rd1 Rxd1 26. Bxd1 Ke7 27. Be2 a6 1/2-1/2

[Event "Kragujevac New Year"]
[Site "Kragujevac"]
[Date "2015.01.11"]
[Round "1"]
[White "Markovic, Momcilo"]
[Black "Kostic, Ninoslav"]
[Result "0-1"]
[WhiteElo "1984"]
[BlackElo "2165"]
[PlyCount "66"]
[EventDate "2015.01.11"]
[EventType "tourn"]
[EventRounds "9"]
[EventCountry "SRB"]
[SourceTitle "CBM 164 Extra"]
[Source "ChessBase"]
[SourceDate "2015.03.02"]
[SourceVersion "1"]
[SourceVersionDate "2015.03.02"]
[SourceQuality "1"]

1. e4 c5 2. Nf3 a6 3. d4 cxd4 4. Nxd4 Nf6 5. Nc3 e5 6. Nf3 Bb4 7. Bd2 d6 8. Bd3 0-0 9. h3 Nbd7 10. 0-0 Nc5 11. Re1 h6 12. a3 Nxd3 13. cxd3 Bc5 14. Be3 Bxe3 15. Rxe3 Qb6 16. Qd2 Re8 17. d4 Bd7 18. d5 Nh5 19. g4 Nf4 20. Nh4 g6 21. Kh2 Rac8 22. Ne2 g5 23. Nf5 Bxf5 24. gxf5 Rc4 25. Nc3 Rd4 26. Qc2 Rc8 27. Rg1 f6 28. h4 Kf7 29. Reg3 Qc5 30. Rg4 Qc4 31. f3 Rd3 32. Qf2 Qd4 33. Qxd4 exd4 0-1

[Event "SRB-chT3 East"]
[Site "Pozarevac"]
[Date "2014.10.04"]
[Round "4.32"]
[White "Milosevic, Jovana"]
[Black "Kostic, Ninoslav"]
[Result "1/2-1/2"]
[WhiteElo "2037"]
[BlackElo "2191"]
[PlyCount "69"]
[EventDate "2014.10.02"]
[EventType "team-swiss"]
[EventRounds "6"]
[EventCountry "SRB"]
[SourceTitle "EXT 2022"]
[Source "ChessBase"]
[SourceDate "2021.10.06"]
[SourceVersion "1"]
[SourceVersionDate "2021.10.06"]
[SourceQuality "1"]

1. Nf3 d5 2. d4 c6 3. c4 Nf6 4. e3 Bg4 5. Bd3 e6 6. Nbd2 Nbd7 7. b3 a5 8. 0-0 Be7 9. Bb2 Bh5 10. Qc2 Bg6 11. e4 dxe4 12. Nxe4 Nxe4 13. Bxe4 Bxe4 14. Qxe4 Nf6 15. Qe2 0-0 16. Ne5 a4 17. Rfd1 axb3 18. axb3 Rxa1 19. Rxa1 Qb6 20. Qc2 Rd8 21. Nd3 Qc7 22. b4 h6 23. Ra7 Nd7 24. g3 Qb8 25. Ra1 Bf6 26. Qe2 Re8 27. Qe4 Be7 28. Bc1 Nf6 29. Qf3 Rd8 30. Bf4 Qc8 31. Be3 Nd7 32. Qg4 Nf6 33. Qe2 Bd6 34. Qb2 Nd7 35. Rb1 1/2-1/2

[Event "SRB-chT3 East"]
[Site "Pozarevac"]
[Date "2014.10.02"]
[Round "1.22"]
[White "Mitrovic, Darko A"]
[Black "Kostic, Ninoslav"]
[Result "1/2-1/2"]
[WhiteElo "2115"]
[BlackElo "2191"]
[PlyCount "52"]
[EventDate "2014.10.02"]
[EventType "team-swiss"]
[EventRounds "6"]
[EventCountry "SRB"]
[SourceTitle "EXT 2022"]
[Source "ChessBase"]
[SourceDate "2021.10.06"]
[SourceVersion "1"]
[SourceVersionDate "2021.10.06"]
[SourceQuality "1"]

1. e4 e5 2. Nf3 Qe7 3. Nc3 c6 4. d4 d6 5. Be2 Nf6 6. 0-0 Bg4 7. b3 Qc7 8. Bb2 Nbd7 9. a4 Bxf3 10. Bxf3 Be7 11. dxe5 dxe5 12. Qe2 a5 13. Nd1 0-0 14. Ne3 Rfe8 15. Nc4 Bc5 16. Rfd1 Nb6 17. Ne3 g6 18. Rd3 h5 19. Rad1 Qe7 20. g3 Qe6 21. Bg2 Bf8 22. Bc3 Nfd7 23. h4 Nc5 24. R3d2 Qd7 25. Nc4 Nxc4 26. Qxc4 Qc7 1/2-1/2

[Event "Kragujevac op"]
[Site "Kragujevac"]
[Date "2009.04.13"]
[Round "5"]
[White "Ilic, Slobodan R"]
[Black "Kostic, Ninoslav"]
[Result "1/2-1/2"]
[WhiteElo "2104"]
[BlackElo "2228"]
[PlyCount "63"]
[EventDate "2009.04.11"]
[EventType "swiss"]
[EventRounds "9"]
[EventCountry "YUG"]
[SourceTitle "EXT 2010"]
[Source "ChessBase"]
[SourceDate "2010.11.25"]
[SourceVersion "1"]
[SourceVersionDate "2010.11.25"]
[SourceQuality "1"]

1. e4 e5 2. Nf3 d6 3. Bc4 Be7 4. d4 exd4 5. Nxd4 Nf6 6. Nc3 0-0 7. 0-0 c6 8. a4 a5 9. Kh1 Nxe4 10. Nxe4 d5 11. Bd3 dxe4 12. Bxe4 Na6 13. Re1 Nc5 14. Bf3 Bf6 15. Be3 Ne6 16. Nxe6 Bxe6 17. Qxd8 Rfxd8 18. c3 h6 19. Bb6 Rd2 20. Re2 Rd7 21. Be3 Rad8 22. h3 Rd1+ 23. Re1 Rxe1+ 24. Rxe1 Bb3 25. Ra1 Be7 26. Kg1 Kf8 27. Kf1 Ke8 28. g3 Kf8 29. Ke1 Re8 30. Kf1 Rd8 31. Ke1 f5 32. Bd1 1/2-1/2

[Event "SRB-chT3 North"]
[Site "Serbia"]
[Date "2007.??.??"]
[Round "1"]
[White "Kostic, Ninoslav"]
[Black "Ivanovic, Lazar"]
[Result "0-1"]
[WhiteElo "2252"]
[BlackElo "1530"]
[PlyCount "101"]
[EventDate "2007.09.02"]
[EventType "team"]
[EventRounds "11"]
[EventCountry "SRB"]
[SourceTitle "EXT 2012"]
[Source "ChessBase"]
[SourceDate "2011.11.24"]
[SourceVersion "1"]
[SourceVersionDate "2011.11.24"]
[SourceQuality "1"]
[WhiteTeam "Kragujevac Vodovod"]
[BlackTeam "Arandjelovac"]
[WhiteTeamCountry "SRB"]
[BlackTeamCountry "SRB"]

1. d4 Nf6 2. c3 d6 3. Bg5 Nbd7 4. Nd2 e5 5. e3 Be7 6. Bd3 0-0 7. Ngf3 Ne8 8. Bxe7 Qxe7 9. 0-0 f5 10. Bc4+ Kh8 11. a4 e4 12. Ne1 Nef6 13. Nc2 d5 14. Be2 Qd6 15. f4 exf3 16. Bxf3 Ne4 17. Nxe4 fxe4 18. Be2 Nf6 19. Qe1 Be6 20. a5 a6 21. Qh4 Rf7 22. Rf2 Raf8 23. Rff1 Qd7 24. h3 Ne8 25. Rxf7 Rxf7 26. Bh5 Rf6 27. Bxe8 Qxe8 28. Na3 Qa4 29. Rf1 Rxf1+ 30. Kxf1 Qxa5 31. Kg1 Qb6 32. Qf2 Qd6 33. Nc2 a5 34. Na3 c6 35. Nb1 b5 36. Nd2 a4 37. Nf1 c5 38. dxc5 Qxc5 39. Qf4 Qb6 40. Qf8+ Bg8 41. Qb4 Qc6 42. Nd2 h6 43. Kf2 Be6 44. Qe7 Bd7 45. Ke2 Qe6 46. Qf8+ Kh7 47. Nf1 Qe8 48. Qd6 Qh5+ 49. Ke1 Qf5 50. Ng3 Qe6 51. Qf8 0-1